00713nam a2200217 a 4500008004100000020004400041040002500085041001300110044001100123080001200134080000800146100002900154245006600183250001300249260006100262300002800323700002500351958000600376999001700382952009600399951027s1989||||[C 0 slo c a8021701110c29 Kčs. q(15000 výtl.) aSNKbslocSNKeAACR21 aslohslo axocSK a885.4-9 a6161 aLászlová, Karin4aut10aŽivotné križovatkycKarin Lászlová ; Slávo Halama a1., vyd. aMartinbOsvetac1989eBanská BystricafTlačiarne SNP a405 s., 28,44 AHc21 cm1 aHalama, Slávo4bkd aA c11971d11971 001040708Ka10000b10000d2019-11-29g29.00i11275oB 5410r2019-11-29w2019-11-29yKLDO